Statistics for New Mexico Top 10 Agricultural Products

Click here to take the quiz!

General Stats

  • This quiz has been taken 6 times
  • The average score is 4 of 10

Answer Stats

HintAnswer% Correct
$11.8 millionWheat
83%
$993.3 millionCattle
67%
$26.2 millionCorn
67%
$31.7 millionCotton
50%
$1.4 billionDairy
50%
$211.8 millionHay
33%
$50.0 millionChili peppers
17%
$30.9 millionEggs
17%
$102.6 millionOnions
17%
$165.1 millionPecans
0%

Score Distribution

Percentile by Number Answered

Percent of People with Each Score

Your Score History

You have not taken this quiz